Responses for show #8415 - Friday, June 4, 2021

Champion's winnings & consolation amounts matched to National Alliance on Mental Illness.

Contestants

[<< previous game]

Whitney Sorensen, a content strategist from Draper, Utah

Susie O'Gorman, a homemaker from Mobile, Alabama

Julia Markham Cameron, an attorney from Brooklyn, New York (whose 1-day cash winnings total $16,450)

[next game >>]

Jeopardy! Round responses

MAGNA CARTOGRAPHY
DEATH OF A LITERARY CHARACTER
FAILED CONSTITUTIONAL AMENDMENTS
PIECES OF GAMES
BEHIND THE SONG
ALL THE SMALL "LING"s
(Mayim: Those four letters will be in each response.)
    $200 26
[Whitney pronounced "[***]" as if starting to say "Ireland" at first, but was ruled correct.]

Wales, Scotland & England

Whitney
    $200 21
Dorian Gray

Susie
    $200 11
(Mayim: Yes, it's been in the news quite a bit this past year.)

the Electoral College

Julia
    $200 16
hotels

Whitney
    $200 1
(Mayim: That's right, "The Boss".)

Bruce Springsteen

Whitney
    $200 6
a sibling

Julia
    $400 27
(Susie: What are the Appalachian Mountains?)

the Great Smoky Mountains

JuliaSusie
    $400 22
Captain Ahab

Susie
    $400 12
(Whitney: What is capital punishment?)

dueling

JuliaWhitney
    $400 17
Clue

Whitney
    $400 2
Sue

Whitney
    $400 7
a foundling

Whitney
    $600 28
the Great Lakes

Julia
    $600 23
Charlotte

Julia
    $600 13
slavery

Whitney
    $600 18
Risk

Whitney
    $600 3
"Lucy In The Sky With Diamonds"

Susie
    $600 8
ducklings

Susie
    $800 29
South Africa

Julia
    $800 24
Beth (March)

Whitney
    $800 14
the ERA (the Equal Rights Amendment)

Susie
    $800 19
(Mayim: Yes, one of my favorite games.)

the Hungry Hungry Hippos

Whitney
    $800 4
(Mayim: Susie, I didn't expect that from you, but yes.)
[Laughter]

"Dude (Looks Like A Lady)"

Susie
    $800 9
a sapling

Julia
    $1000 30
the Coral Sea

Susie
    $1000 25
(Susie: What is Of Mice and Men?)
...
(Mayim: [*] from Of Mice and Men.)

Lennie

JuliaSusie
    $1000 15
District of Columbia

Triple Stumper
    $1000 20
backgammon (shesh besh)

Triple Stumper
    $1,400 5
"This Land Is Your Land"

Susie
    $1000 10
a fingerling

Julia

Scores at the first commercial break (after clue 15):

Julia Susie Whitney
$2,600 $4,200 $1,200

Scores at the end of the Jeopardy! Round:

Julia Susie Whitney
$6,000 $4,400 $4,200

Double Jeopardy! Round responses

AFRICAN AMERICANS
ANCIENT HISTORY
EARS TO YOU
WORKING WITH CLAY
CINEMATIC CITIES & TOWNS
A QUICK STUDY
(Mayim: Tell us what you study in each field.)
    $400 12
BET (Black Entertainment Television)

Whitney
    $400 17
the anvil

Susie
    $400 24
kitty litter

Susie
    $400 1
Gotham (City)

Susie
    $400 6
the elderly or old people (aging)

Susie
    $800 13
Billie Holiday

Julia
    $800 29
(Julia: What is the Euphrates?)
...
[The end-of-round signal sounds.]

the Tigris

JuliaSusie
    $800 18
the labyrinth

Susie
    $800 25
(Mayim: Seen it a million times, correct.)

Ghost

Whitney
    $800 2
Cars

Whitney
    $800 7
(Julia: What is [*]--spoken [*]?)

language(s)

Julia
    $1200 14
Nipsey Hussle

Julia
    $1200 9
the phalanx

Julia
    $4,000 19
(Susie: What is cochlear? Cochlea?)

equilibrium

Susie
    $1200 26
(Mayim: We have less than a minute.)

Picasso

Julia
    $2,500 3
Stepford

Whitney
    $1200 8
(Julia: What are xylophones?)
(Susie: What is tree bark?)

wood

JuliaSusie
Triple Stumper
    $1600 15
(Alex) Haley

Susie
    $1600 10
(Whitney: Who are the Mayans?)
(Julia: Who are the Aztec?)

the Olmecs

JuliaWhitney
Triple Stumper
    $1600 20
tinnitus

Julia
    $1600 27
the Golem

Julia
    $1600 4
Cloud City

Triple Stumper
    $1600 22
the Moon

Susie
    $2000 16
Bessie Coleman

Triple Stumper
    $2000 11
Cyrus (II the Great)

Julia
    $2000 21
(Mayim: There it is.)
(Susie: Thank you.)

the cochlea

Susie
    $2000 28
(Whitney: What is slate?)

shale

Whitney
Triple Stumper
    $2000 5
It's a Wonderful Life

Whitney
    $2000 23
thunder

Triple Stumper

Scores at the end of the Double Jeopardy! Round:

Julia Susie Whitney
$12,800 $7,600 $7,100

[wagering suggestions for these scores]

Final Jeopardy! Round responses

17th CENTURY WRITING
WhitneyWhat is The Tempest?
$3,333
SusieWhat is Gulliver's Travels?
$3,000
JuliaWhat is The Decameron?
$3,000
Leviathan

Final scores:

Julia Susie Whitney
$9,800 $4,600 $3,767
2-day champion: $26,250 2nd place: $2,000 3rd place: $1,000

Game dynamics:

Coryat scores:

Julia Susie Whitney
$12,800 $11,200 $5,800
18 R,
3 W
17 R
(including 1 DD),
4 W
(including 1 DD)
15 R
(including 1 DD),
3 W

Combined Coryat: $29,800

The J! Archive is created by fans, for fans. The Jeopardy! game show and all elements thereof, including but not limited to copyright and trademark thereto, are the property of Jeopardy Productions, Inc. and are protected under law. This website is not affiliated with, sponsored by, or operated by Jeopardy Productions, Inc. Join the discussion at JBoard.tv.